| 000 | 00632nam a2200205 4500 | ||
|---|---|---|---|
| 001 | 117404 | ||
| 003 | ES-MaACL | ||
| 005 | 20250304063102.0 | ||
| 007 | t| | ||
| 008 | 070302s1984 sp r ||||1| spa d | ||
| 020 | _a84-309-1110-3 | ||
| 100 | 1 |
_aPeces-Barba, Gregorio, _d1938- _989835 |
|
| 245 | 1 | 4 |
_aLos valores superiores / _cGregorio Peces-Barba. |
| 260 |
_aMadrid : _bTecnos, _cD.L. 1984. |
||
| 300 |
_a173 p. ; _c18 cm. |
||
| 490 | 1 | _aTemas clave de la Constitución española | |
| 830 | 0 |
_aTemas clave de la Constitución española _9178650 |
|
| 852 |
_aES-MaACL _jL-9944 _bR.112124 |
||
| 999 |
_c117404 _d117404 |
||